Roots of the Bill of Rights /

Bibliographic Details
Other Authors: Schwartz, Bernard, 1923-1997
Format: Book
Language:English
Published: New York, N.Y. : Chelsea House : [1980]
Subjects:

MARC

Tag First Indicator Second Indicator Subfields
LEADER 00000pam a2200000 a 4500
001 in00000071848
005 20151008062425.0
008 800919s1980 nyuaf b 00100 engm
010 |a  80022931  
020 |a 0877542074 (pbk.) :  |c $64.95 (set) 
035 |a (OCoLC)06815765 
035 |9 AAK0197AM 
040 |a DLC  |c DLC  |d m.c.  |d TXA  |d UtOrBLW 
043 |a n-us--- 
049 |a TXAM  |v 1 [1672166]  |v 2 [1672167]  |v 3 [1672168]  |v 4 [1672169]  |v 5 [1672170] 
050 0 0 |a KF4744  |b 1980 
082 0 |a 342.73/029  |2 19 
245 0 0 |a Roots of the Bill of Rights /  |c [compiled by] Bernard Schwartz. 
264 1 |a New York, N.Y. :  |b Chelsea House :  |c [1980] 
264 2 |a New York, N.Y. :  |b Distributed by Scribner, 
264 4 |c ©1980 
300 |a 5 volumes (xxviii, 1234 pages, 144 unnumbered pages of plates :  |b illustrations ;  |c 24 cm. 
336 |a text  |b txt  |2 rdacontent 
337 |a unmediated  |b n  |2 rdamedia 
338 |a volume  |b nc  |2 rdacarrier 
500 |a Edition for 1971, compiled by B. Schwartz, published under title: The Bill of Rights. 
504 |a Includes bibliographical references and index. 
610 1 0 |a United States.  |t Constitution.  |n 1st-10th Amendments  |x Sources. 
700 1 |a Schwartz, Bernard,  |d 1923-1997. 
999 |a MARS 
999 f f |s f83aae07-d222-35c0-a00a-aec5e32b192d  |i 0896ca99-e406-3e0c-8425-afaadc664d06  |t 0 
952 f f |p ric  |a Texas A&M University  |b Rellis Campus  |c Joint Library Facility  |d Remote Storage  |t 0  |e KF4744 1980  |h Library of Congress classification  |i unmediated -- volume  |k v.1  |m A14806156335 
952 f f |p ric  |a Texas A&M University  |b Rellis Campus  |c Joint Library Facility  |d Remote Storage  |t 0  |e KF4744 1980  |h Library of Congress classification  |i unmediated -- volume  |k v.5  |m A14806156377 
952 f f |p ric  |a Texas A&M University  |b Rellis Campus  |c Joint Library Facility  |d Remote Storage  |t 0  |e KF4744 1980  |h Library of Congress classification  |i unmediated -- volume  |k v.4  |m A14813812714 
952 f f |p ric  |a Texas A&M University  |b Rellis Campus  |c Joint Library Facility  |d Remote Storage  |t 0  |e KF4744 1980  |h Library of Congress classification  |i unmediated -- volume  |k v.3  |m A14816945566 
952 f f |p ric  |a Texas A&M University  |b Rellis Campus  |c Joint Library Facility  |d Remote Storage  |t 0  |e KF4744 1980  |h Library of Congress classification  |i unmediated -- volume  |k v.2  |m A14813854821 
998 f f |a KF4744 1980  |s v.1-v.5  |t 0  |l Remote Storage